000 00537pam a2200169 a 4500
020 _a0442226233
082 0 0 _a624.1884
_bHAN
_cL-19, P-105
245 0 0 _aHandbook of concrete engineering /
_cedited by Mark Fintel.
250 _a2nd ed.
260 _aNew York :
_bVan Nostrand Reinhold,
_cc1985.
300 _axiv, 892 p. :
_bill. ;
_c29 cm.
526 _a0
_b0
_c0
_d624_188400000000000_HAN
650 0 _aConcrete construction
_xHandbooks, manuals, etc.
_947371
650 0 _aMCE
_9379
700 1 _aFintel, Mark.
_947372
942 _2ddc
_cBK
999 _c550640
_d550640